00960nam a2200277Ia 450000500170000000800410001702000150005810000360007324500500010925000190015930000270017849000420020565000380024765000420028565000360032765000340036365000360039765000400043365100410047326400330051433600270054733700330057433800280060704000350063508400120067020220317000748.0160601s2004 ag g 000 0 spa  a95049119861 aMartínez, Tomás Eloyd1938-13aEl cantor del tango cTomás Eloy Martínez a1a. edición  a253 páginas c23 cm  aAutores Españoles e Iberoamericanos142LEMBaNovela argentina ySiglo XX142LEMBaLiteratura argentina ySiglo XX142LEMBaMúsica en la literatura142LEMBaTangos en la literatura142LEMBaRealidad en la literatura142LEMBaSentimientos en la literatura 4aBuenos aires (Argentina) xHistoria  aBuenos Aires bPlanetac2004 atextobtxt2rdacontent asin mediaciónbn2rdamedia avolumenbnc2rdacarrier aCO-BoRNBPbspaerdacCO-BoRNBP aN MAR16